000 00735cab a2200253 4500
001 ABS55338
008 090401t1996 xxu||||| |||| 00| 0 eng d
035 _a(Sirsi) u15846
041 _aeng
100 _aFord, J.
245 _aHigh-wire recovery
260 _c1996
350 _a0
490 _aRoof
_v21(4) July/AUGUST 1996, 24-27(4)
520 _aReports on the results of the ROOF repossessions survey which indicates that repossessions started to rise again during 1995. Statistics. Case studies.
650 _aHOUSING MARKET
650 _aMORTGAGE ARREARS
650 _aREPOSSESSIONS
650 _aROOF REPOSSESSION SURVEY
690 _aHOUSING
700 _aBenjamin, A.
942 _n0
948 _c04/03/1997
999 _c10430
_d10430